taylor swift songs without clues(hard)#1 - Statistics

General Stats
  • This quiz has been taken 36 times
  • The average score is 223 of 338
Answer Stats
Answer % Correct
i
100%
you
97%
a
90%
the
87%
me
84%
we
84%
an
81%
and
81%
on
81%
to
81%
your
81%
in
77%
it
77%
my
77%
they
77%
ha
74%
no
74%
so
74%
of
71%
when
71%
dont
68%
like
68%
off
68%
only
68%
all
65%
could
65%
is
65%
know
65%
say
65%
that
65%
this
65%
up
65%
want
65%
were
65%
we're
65%
about
61%
are
61%
but
61%
cant
61%
got
61%
i'm
61%
just
61%
not
61%
one
61%
our
61%
see
61%
there
61%
best
58%
cause
58%
dress
58%
everything
58%
from
58%
hands
58%
nothing
58%
room
58%
shape
58%
take
58%
time
58%
bestfriend
55%
bought
55%
even
55%
idea
55%
if
55%
moments
55%
name
55%
now
55%
stops
55%
us
55%
ah
52%
by
52%
golden
52%
saw
52%
secret
52%
shake
52%
shaking
52%
tattoo
52%
crowded
48%
earthquakes
48%
flashback
48%
get
48%
hair
48%
holding
48%
indentation
48%
lifeline
48%
made
48%
mark
48%
met
48%
mistakes
48%
side
48%
times
48%
truth
48%
wake
48%
worst
48%
anticipation
45%
bleached
45%
buzzcut
45%
everyone
45%
explain
45%
into
45%
lies
45%
rebounds
45%
thinks
45%
waiting
45%
woke
45%
bedpost
42%
both
42%
face
42%
gonna
42%
patience
42%
pining
42%
silence
42%
try
42%
bathtub
39%
carve
39%
desperately
39%
drunk
39%
electrified
39%
inescapable
39%
kiss
39%
spilling
39%
wine
39%
burned
35%
atleast
32%
pre chorus & chorus x2
0%
No matching quizzes found
Score Distribution
Percent of People with Each Score
Percentile by Number Answered
Your Score History
You have not taken this quiz